| 000 | 00466nam a2200181Ia 4500 | ||
|---|---|---|---|
| 005 | 20240823024940.0 | ||
| 008 | 240823s9999||||xx |||||||||||||| ||und|| | ||
| 041 | _aENGLISH | ||
| 082 | _A515.352 K8 | ||
| 100 | _a"Sanchez,David A" | ||
| 245 | 0 | _aOrdinary Differential Equations and Stability Theory | |
| 250 | _a1st | ||
| 260 |
_c1968 _b"W H,Sanfrancisco" |
||
| 500 | _aTransfered | ||
| 650 |
_aDifferential Eqn _bMathematics |
||
| 942 | _cBK | ||
| 999 |
_c185136 _d185136 |
||